[Event "Lovfalds 07th C"]
[Site "Ringsted"]
[Date "1993.09.10"]
[Round "3"]
[White "Pop, Kurt"]
[Black "Stuhr, Finn"]
[Result "0-1"]
[WhiteElo "1631"]
[BlackElo "1618"]
[PlyCount "128"]
[EventDate "1993.08.27"]
[EventType "swiss"]
[EventRounds "5"]
[EventCountry "DEN"]
[SourceTitle "EXT 2023"]
[Source "ChessBase"]
[SourceDate "2022.10.05"]
[SourceVersion "1"]
[SourceVersionDate "2022.10.05"]
[SourceQuality "1"]

1. e4 e5 2. Nf3 Nc6 3. Bb5 Bc5 4. 0-0 Nge7 5. c3 a6 6. Bc4 b5 7. Bd5 Bb7 8. d3 d6 9. Bb3 h6 10. Be3 Ba7 11. Nh4 d5 12. Bxa7 Rxa7 13. Qe2 Qd6 14. Nd2 0-0 15. Rae1 Na5 16. Bc2 d4 17. c4 c5 18. b3 Nac6 19. Qg4 Bc8 20. Qg3 g5 21. Nhf3 f6 22. h3 Ng6 23. h4 g4 24. Nh2 h5 25. f3 Rg7 26. fxg4 Nf4 27. g5 fxg5 28. hxg5 Ng6 29. Rxf8+ Qxf8 30. Rf1 Qe7 31. Rf6 Bd7 32. Rf2 h4 33. Qf3 Nf4 34. Kf1 Rxg5 35. cxb5 axb5 36. a4 Nb4 37. Bb1 bxa4 38. bxa4 Bxa4 39. Ng4 Ng6 40. Nh6+ Kh7 41. Nf5 Qe6 42. g4 Nf4 43. Nc4 Bb5 44. Nxe5 Qxe5 45. Qxf4 Nxd3 46. Bxd3 Bxd3+ 47. Ke1 Qxe4+ 48. Qxe4 Bxe4 49. Nxh4 Rxg4 50. Nf5 Bxf5 51. Rxf5 c4 52. Rc5 c3 53. Kd1 Rg2 54. Rc4 Rd2+ 55. Kc1 Kg6 56. Rc5 Kf6 57. Rh5 Ke6 58. Rc5 Kd6 59. Rf5 Re2 60. Rg5 d3 61. Rg1 Ra2 62. Kb1 Rb2+ 63. Ka1 d2 64. Rd1 Kc5 0-1